000 01093nam a2200325 i 4500
003 EG-GICUC
005 20260127093854.0
008 260127s2004 fr ||||fr|||| 001 0 fre d
020 _a2717848436
040 _aEG-GiCUC
_bfre
_cEG-GiCUC
_dEG-GiCUC
_eRda
041 0 _afre
082 0 4 _221
_a341.851
_bBO . M
092 0 4 _221
099 _aLaw1 12 341.851 BO . M 2004
100 1 _aBollée, Sylvain
_eAuteur
245 1 0 _aLes méthodes du droit international privé à l'épreuve des sentences arbitrales /
_cSylvain Bollée; Préface De Pierre Mayer.
264 1 _aParis :
_bEconomica,
_c2004.
300 _a428 page,
_c 24 cm.
336 _2rda contenu
_a texte
337 _2rda medias
_aOrdinateur
338 _2 transporteur rda
_a Ressource en ligne
490 _aRecherches Juridiques
504 _acomprend des références bibliographiques
546 _aTexte en français
650 1 4 _aDroit international privé
700 1 _aMayer, Pierre
_ePréfacier
856 4 0 _uhttps://fll.law.cu.edu.eg/fulltext/bks/B12-01776.pdf
905 _a48
942 _2ddc
_cBK
_e21
_n0
999 _c59550
_d59550